Etica: demostrada según el orden geométrico
Guardat en:
| Autor principal: | |
|---|---|
| Format: | Llibre |
| Idioma: | espanyol |
| Publicat: |
Ciudad de México
Fondo de Cultura Económica
1958
|
| Edició: | 1a. ed |
| Col·lecció: | Sección de obras de filosofía
|
| Matèries: | |
| Etiquetes: |
Afegir etiqueta
Sense etiquetes, Sigues el primer a etiquetar aquest registre!
|
MARC
| LEADER | 00000nam a2200000 a 4500 | ||
|---|---|---|---|
| 001 | UCZ2141 | ||
| 003 | CL-VaPUC | ||
| 008 | 950926e19580000MX |||||||||||||||||spa|d | ||
| 020 | |a 9681604970 | ||
| 082 | 0 | 4 | |a 174 |b SPI |2 21 |
| 100 | 0 | |a Spinoza, Benedictus de |e author |9 319727 | |
| 245 | 1 | 0 | |a Etica: demostrada según el orden geométrico |
| 250 | |a 1a. ed | ||
| 300 | |a 273 p | ||
| 942 | |c BK | ||
| 945 | |d 19950926 00:00:00 |a cmena | ||
| 260 | |a Ciudad de México |b Fondo de Cultura Económica |c 1958 | ||
| 600 | 0 | |a Galilei, Galileo |9 264973 | |
| 650 | 0 | |a Filosofía |9 223554 | |
| 650 | 0 | |a Ética |9 255099 | |
| 650 | 0 | |a Naturaleza humana |9 308593 | |
| 650 | 7 | |a HOMBRE |2 CL-VaPUC |9 262149 | |
| 650 | 0 | |a Libre albedrío |9 334583 | |
| 583 | |a last modification |c 19950926 00:00:00 |k Rodrigo Vera | ||
| 490 | 0 | |a Sección de obras de filosofía | |
| 999 | |c 238788 |d 238786 | ||
| 952 | |0 0 |1 0 |4 0 |6 174_000000000000000_SPI_1958 |7 0 |8 A |9 249284 |a BIBEDU |b BIBEDU |d 2019-11-18 |i 1564862 |o 174 SPI 1958 |p 1564862 |r 2019-11-18 |w 2019-11-18 |y BK |k FIL | ||